000 00251nam a22001097a 4500
999 _c58067
_d58064
082 _a001.424MAR
100 _aMariappan
245 _aOperations research an introduction
260 _aNew Delhi
_bPearson education
_c2013
300 _a375
942 _cBK